<?xml version="1.0" encoding="UTF-8"?>
<record
    xmlns:xsi="http://www.w3.org/2001/XMLSchema-instance"
    xsi:schemaLocation="http://www.loc.gov/MARC21/slim http://www.loc.gov/standards/marcxml/schema/MARC21slim.xsd"
    xmlns="http://www.loc.gov/MARC21/slim">

  <leader>01738namaa22002411ia4500</leader>
  <controlfield tag="003">OSt</controlfield>
  <controlfield tag="005">20250218102001.0</controlfield>
  <controlfield tag="008">241024s2011    dr adcofdt  po|01 0cspa  </controlfield>
  <datafield tag="020" ind1=" " ind2=" ">
    <subfield code="a">978-99934-31-51-0</subfield>
  </datafield>
  <datafield tag="040" ind1=" " ind2=" ">
    <subfield code="a">CD004</subfield>
    <subfield code="b">spa</subfield>
    <subfield code="c">CD004</subfield>
    <subfield code="e">rda</subfield>
  </datafield>
  <datafield tag="082" ind1="0" ind2="4">
    <subfield code="a">R/RD/027/B582d</subfield>
    <subfield code="2">21</subfield>
  </datafield>
  <datafield tag="110" ind1=" " ind2=" ">
    <subfield code="a">Biblioteca Nacional Pedro Henr&#xED;quez Ure&#xF1;a (BNPHU)</subfield>
  </datafield>
  <datafield tag="245" ind1=" " ind2="0">
    <subfield code="a">Directorio de  Bibliotecas Dominicanas: </subfield>
    <subfield code="b">Con el auspicio del Proyecto de Fortalecimiento de la Biblioteca Nacional y Red de Bibliotecas P&#xFA;blicas</subfield>
    <subfield code="c">Coodinadores : Yumarys Altagracia Polanco-Almonte ; C&#xE9;lida &#xC1;lvarez Armenteros ; Dagoberto Ortiz</subfield>
  </datafield>
  <datafield tag="260" ind1=" " ind2=" ">
    <subfield code="b">Biblioteca Nacional Pedro Henr&#xED;quez Uee&#xF1;a</subfield>
    <subfield code="c">2016</subfield>
    <subfield code="a">Santo Domingo:</subfield>
  </datafield>
  <datafield tag="300" ind1=" " ind2=" ">
    <subfield code="a">450p</subfield>
  </datafield>
  <datafield tag="505" ind1=" " ind2=" ">
    <subfield code="a">Tabla De Contenido
Palabras Del director.13 - Palabras De La Coordinadora Del Proyecto... 15 -Introducci&#xF3;n. 17- Sub-Directorio De Bibliotecas P&#xFA;blicas. 19 - Sub-Directorio De Bibliotecas Escolares. 91 - Sub-Directorio De Bibliotecas Especializadas. 343 - 
Sub-Directorio De Bibliotecas De Instituciones De Educaci&#xF3;n Superior. 377- &#xCD;ndice De Bibliotecas Por Orden Alfab&#xE9;tica De La "A"
A La "Z". 399 - Bibliograf&#xED;a. 441-Glosario. 445 
Caracterizaci&#xF3;n De Las Instituciones De Las Que Dependen Las Bibliotecas Dominicanas.449 
</subfield>
  </datafield>
  <datafield tag="650" ind1=" " ind2=" ">
    <subfield code="a">Bibliotecas P&#xFA;blicas - Rep&#xFA;blica Dominicana - Directorio- Bibliotecas Escolares. Rep&#xFA;blica Dominicana - Directorio- Bibliotecas Especializadas.-  Rep&#xFA;blica Dominicana - Directorio- Bibliotecas De Instituciones- Rep&#xFA;blica Dominicana - Directorio-</subfield>
  </datafield>
  <datafield tag="700" ind1=" " ind2=" ">
    <subfield code="a">Coodinadores : Yumarys Altagracia Polanco-Almonte </subfield>
    <subfield code="d">1979</subfield>
  </datafield>
  <datafield tag="700" ind1=" " ind2=" ">
    <subfield code="a">; C&#xE9;lida &#xC1;lvarez Armenteros</subfield>
  </datafield>
  <datafield tag="700" ind1=" " ind2=" ">
    <subfield code="a"> ; Dagoberto Ortiz</subfield>
  </datafield>
  <datafield tag="901" ind1=" " ind2=" ">
    <subfield code="a">28/2/2017 9:24:33 a.m.</subfield>
  </datafield>
  <datafield tag="942" ind1=" " ind2=" ">
    <subfield code="2">ddc</subfield>
    <subfield code="c">LIB</subfield>
    <subfield code="n">0</subfield>
    <subfield code="e">21</subfield>
  </datafield>
  <datafield tag="999" ind1=" " ind2=" ">
    <subfield code="c">10034</subfield>
    <subfield code="d">10034</subfield>
  </datafield>
  <datafield tag="952" ind1=" " ind2=" ">
    <subfield code="0">0</subfield>
    <subfield code="1">0</subfield>
    <subfield code="2">ddc</subfield>
    <subfield code="4">0</subfield>
    <subfield code="7">0</subfield>
    <subfield code="a">IDEICE</subfield>
    <subfield code="b">IDEICE</subfield>
    <subfield code="d">2024-11-21</subfield>
    <subfield code="l">0</subfield>
    <subfield code="o">027.4 7293/B582d</subfield>
    <subfield code="r">2025-01-27 18:27:50</subfield>
    <subfield code="t">1</subfield>
    <subfield code="w">2025-01-27</subfield>
    <subfield code="y">LIB</subfield>
    <subfield code="z">Directorio </subfield>
  </datafield>
</record>
